00437nam a2200133 a 450000100100000000500170001000800410002704000250006808200140009310000330010724500850014026000580022530000200028300002850720250401135254.0110408s1984 dr 000 0 spa d aDO-SdBNPbspacBNPHU axxxbJ96a1 aJusto Duarte, Amaury,d1942-10aAcerca del trotskismo y el carácter de la revolución /cAmaury Justo Duarte. aSanto Domingo :bEditora Universitaria - UASD,c1984. a27 p. ;c21 cm.